000 00319nam a2200133Ia 4500
003 OSt
005 20230727043512.0
008 170524s9999 xx 000 0 und d
040 _cIIMT UNIVERSITY
100 _aHORNGREN
245 0 _aINTRODUCTION TO MANAGEMENT ACCOUNTING
260 _bCONCEPT PUB. CO.
942 _2ddc
_c02
999 _c7930
_d7930